kant y la escuela de Maha-Kasyapa (Registro nro. 31214)

Detalles MARC
000 -LEADER
fixed length control field 00315 a2200109 4500
001 - CONTROL NUMBER
control field ART_39592
005 - DATE AND TIME OF LATEST TRANSACTION
control field 20260410162000.0
008 - FIXED-LENGTH DATA ELEMENTS--GENERAL INFORMATION
fixed length control field 260409a
100 1# - MAIN ENTRY--PERSONAL NAME
Personal name Gómez Farías, Alberto
245 10 - TITLE STATEMENT
Title kant y la escuela de Maha-Kasyapa
773 0# - HOST ITEM ENTRY
Title Propuestas
Related parts - Año 1, Nº 2 (dic. 1995)
Record control number REV28258

No hay ítems disponibles.